EFFECT OF Mg2+ IONS ON THE IN VITRO TRANSLATION OF RED CLOVER MOTTLE VIRUS M RNA

Bibliographic Details
Main Authors: Pastorek, Jaromír, 1957-2026 (Author), Marcinka, K. (Author)
Format: Article
Language:English

MARC

LEADER 00000nab a2200000uu 4500
001 vtls011455827
003 SK-MaSNL
005 20260305011036.0
008 230222|1987 xo |||||||||||||||||eng|
015 |a SNBRB 
035 |a (urnnbn)urn:nbn:sk:snk:ar-a0809c 
035 |a (uuid)903ae90f-5877-440d-8c33-3ded60e3e5b6 
035 |a urn:nbn:sk:snk-abcqsa 
040 |a SNKBUCL  |b slo  |c SNKBUCL  |e AACR2 
041 0 |a eng 
044 |a xo  |c SK 
100 1 |a Pastorek, Jaromír,  |d 1957-2026  |4 aut  |9 62568 
245 1 0 |a EFFECT OF Mg2+ IONS ON THE IN VITRO TRANSLATION OF RED CLOVER MOTTLE VIRUS M RNA  |c J. Pastorek, K. Marcinka 
700 1 |a Marcinka, K.  |4 aut  |9 947613 
773 0 |t Acta virologica : international journal  |g Roč. 31, č. 6 (1987), s. 504-[536] 
958 |a OND 
958 |a EUIPO 
958 |a article16 
999 |c 3250439  |d 3252369